Famous People Quiz Part 4 - Statistics

General Stats
  • This quiz has been taken 21 times
  • The average score is 5 of 16
Answer Stats
Picture Hint Answer % Correct
Barney
68%
Jimmy Carter
68%
Plato
63%
Julius Caesar
58%
George Floyd
53%
Josh Allen
42%
Madison Beer
37%
Poker
37%
Lamar Jackson
32%
Sam Darnold
16%
Kevin Patullo
11%
Duke
5%
Very Niche Russian Person Friedrich
5%
Just need his first name Jacob
5%
You know this person Jacoby
5%
Niche French Person YSL
5%
No matching quizzes found
Score Distribution
Percent of People with Each Score
Percentile by Number Answered
Your Score History
You have not taken this quiz